Melanie Martinez - Hades (Pistes) - Statistiques

Statistiques générales
  • Ce quiz a été pris 11 fois
  • Le résultat moyen est 16 sur 18
Statistiques - réponses
Hint Réponse % Correct
8 AVOIDANT
100%
17 CHATROOM
100%
5 DISNEY PRINCESS
100%
13 GUTTER
100%
3 POSSESSION
100%
10 WEIGHT WATCHERS
100%
1 GARBAGE
88%
6 GRUDGES
88%
16 HELL'S FRONT PORCH
88%
9 MONOLITH
88%
7 MONOPOLY MAN
88%
18 THE LAST TWO PEOPLE ON EARTH
88%
15 THE VATICAN
88%
14 UNCANNY VALLEY
88%
4 WHITE BOY WITH A GUN
88%
11 THE PLAGUE
75%
12 BATSHIT INTELLIGENCE
63%
2 IS THIS A CULT ?
63%
Aucun quiz correspondant
Distribution des résultats
% des personnes avec chaque résultat
Percentile par nombre de réponses
Votre historique - résultats
Vous n’avez pas pris ce quiz